International organizations : (Record no. 1942)

MARC details
000 -LEADER
fixed length control field 01135cam a22001934a 4500
020 ## - INTERNATIONAL STANDARD BOOK NUMBER
ISBN 155587987X (alk. paper)
020 ## - INTERNATIONAL STANDARD BOOK NUMBER
ISBN 1555879632 (Pb : alk. paper)
050 00 - CALL NUMBER
Classification number JZ4850
Item number .K37 2004
100 1# - AUTHOR
Personal name Karns, Margaret P.
245 10 - TITLE
Title International organizations :
Remainder of title the politics and processes of global governance /
Statement of responsibility, etc Margaret P. Karns and Karen A. Mingst.
260 ## - PUBLICATION INFORMATION
Place of publication Boulder, Colo. :
Name of publisher Lynne Rienner Publishers,
Year of publication 2004.
300 ## - DESCRIPTION
Number of Pages xvi, 603 p.
Other physical details ill., maps ;
Dimensions 24 cm.
500 ## - NOTES
General note Includes index
505 0# - FORMATTED CONTENTS NOTE
Table of Content Understanding global governance -- The theoretical foundations of global governance -- Evaluation pices of gobal governce -- The United Nations : centerpiece of global governance -- Regional organizations -- Nonstate actors : NGOs, networks, and social movements -- The roles of states in global governance -- The need for peace and governance -- Promoting human development and economic well-being -- Protecting human rights -- Protecting the environment -- Dilemmas of global gevernance.
650 #0 - SUBJECTS
Topical Term International agencies.
650 #0 - SUBJECTS
Topical Term International organization.
700 1# - OTHER AUTHORS
Personal name Mingst, Karen A.,
942 ## - ADDED ENTRY ELEMENTS (KOHA)
Koha item type Books
Holdings
Withdrawn status Lost status Collection code Home library Current library Shelving location Date acquired Full call number Accession Number Koha item type
    Reference Methodist University Library Main Methodist University Library Main General Stacks 24/01/2018 JZ4850 .K37 2004 39813 Books
    Reference Methodist University Library Main Methodist University Library Main General Stacks 24/01/2018 JZ4850 .K37 2004 37453 Books
Copyright © 2026  MUG Library